Social change in contemporary Britain

Guardat en:
Dades bibliogràfiques
Autors principals: Abercrombie, Nicholas (Autor), Warde, Alan (Autor)
Format: Llibre
Idioma:anglès
Publicat: Cambridge Polity Press 1992
Matèries:
Etiquetes: Afegir etiqueta
Sense etiquetes, Sigues el primer a etiquetar aquest registre!

MARC

LEADER 00000cam a2200000 a 4500
001 UCG9373
003 CL-VaPUC
008 120309e19920000UK |||||||||||||||||eng|d
020 |a 0745607837 
082 0 4 |a 942  |b ABE  |2 21 
100 0 |a Abercrombie, Nicholas  |e author  |9 560905 
700 0 |a Warde, Alan  |e author  |9 560906 
245 1 0 |a Social change in contemporary Britain 
300 |a 189 p 
942 |c BK 
945 |d 20120309 00:00:00  |a dcastane 
260 |a Cambridge  |b Polity Press  |c 1992 
650 7 |a HISTORIA DE INGLATERRA SIGLO 20  |2 CL-VaPUC  |9 388269 
650 0 |a Cambio social   |9 256857 
651 0 |a Inglaterra  |9 255158 
583 |a last modification  |c 20120309 14:21:00  |k Rodrigo Vera 
999 |c 346930  |d 346928 
952 |0 0  |1 0  |4 0  |6 942_000000000000000_ABE_1992  |7 0  |8 P  |9 447887  |a BIBEDU  |b BIBEDU  |c BIBEDU_PB  |d 2019-11-22  |i 4841751  |o 942 ABE 1992  |p 4841751  |r 2024-01-25  |w 2019-11-22  |y BK  |k LIT